000 00272nam a2200109Ia 4500
001 1275949
005 20260417160438.0
008 260417s9999 xx 000 0 und d
020 _a9786256792432
245 0 _aUzaya Giden Çocuk
_cKatie Jennings
260 _bKetebe Çocuk
999 _c1275949
_d1275949